000 00608cam a22002291a 4500
001 sa 63000958
003 DLC
005 20260227111924.0
008 950123s1961 ii 000 1 tamo
010 _asa 63000958
025 _aPL480:I-T-83
035 _a(OCoLC)31874019
040 _aDLC
_cCU
_dCU
_dDLC
042 _apremarc
050 0 0 _aPL4758.9.S4
_bV3
100 2 _aCētu Ammāḷ, Ku. Pa.
245 1 0 _aVaḷḷiyin̲ uḷḷam /
_cKu. Pa. Cētu Ammāḷ.
260 _aCen̲n̲ai :
_bVān̲ati Patippakam,
_c1961.
300 _a226 p. ;
_c19 cm.
546 _aIn Tamil.
500 _aA novel.
999 _c53728
_d53728